Mots les plus fréquents dans les stations de métro de Paris - Statistiques

Statistiques générales
  • Ce quiz a été pris 226 fois
    106 depuis la dernière actualisation
  • Le résultat moyen est 26 sur 71
Statistiques - réponses
Nombre d'occurences Mot % Correct
2 le
96%
16 la
94%
15 d'
88%
28 Saint
85%
40 de
82%
24 Porte
82%
7 les
75%
5 Gare
64%
8 Mairie
63%
4 Place
58%
5 Rue
54%
6 du
51%
7 Pont
51%
6 des
49%
4 (v) Denis
46%
2 et
44%
3 (v) Créteil
43%
2 (v) Bobigny
42%
4 (v) Pantin
42%
3 (v) Aubervilliers
39%
3 (v) Clichy
39%
2 Défense
39%
2 (v) Vincennes
39%
4 Château
38%
2 Eglise
38%
2 (v) Ivry
38%
5 Michel
38%
2 (v) Montreuil
36%
3 (v) Ouen
36%
2 Boulogne
35%
3 (v) Maisons
35%
3 (v) Villejuif
35%
2 (v) Cloud
33%
2 (v) Malakoff
33%
2 (v) Montrouge
33%
2 (v) Lilas
32%
2 Louvre
32%
2 Notre
32%
2 Quai
32%
2 (v) Vanves
32%
3 (v) Alfort
28%
2 Ange
28%
2 (v) Charenton
26%
2 Corentin
26%
2 Dame
26%
2 Italie
26%
3 Marcel
26%
2 Pré(s)
26%
3 (v) Auteuil
25%
2 Charles
25%
2 Louis
25%
2 Champs
24%
3 (v) Sèvres
24%
2 Ecole
22%
2 Jaurès
22%
2 Paul
22%
2 Université
22%
2 Chapelle
19%
2 Etienne
19%
2 Hôpital
19%
2 Marie
19%
2 (v) Orly
18%
2 (v) Bicêtre
15%
2 Philippe
15%
2 Blanche
14%
2 Quatre
13%
2 François
10%
2 Pleyel
10%
2 Jacques
8%
2 Nationale
7%
2 Chemin(s)
6%
Aucun quiz correspondant
Distribution des résultats
% des personnes avec chaque résultat
Percentile par nombre de réponses
Votre historique - résultats
Vous n’avez pas pris ce quiz depuis la dernière actualisation